<?xml version="1.0" encoding="UTF-8"?>
<record
    xmlns:xsi="http://www.w3.org/2001/XMLSchema-instance"
    xsi:schemaLocation="http://www.loc.gov/MARC21/slim http://www.loc.gov/standards/marcxml/schema/MARC21slim.xsd"
    xmlns="http://www.loc.gov/MARC21/slim">

  <leader>00852nam a22002177a 4500</leader>
  <controlfield tag="005">2011100705045.0</controlfield>
  <datafield tag="010" ind1=" " ind2=" ">
    <subfield code="a">G-001671</subfield>
  </datafield>
  <datafield tag="020" ind1=" " ind2=" ">
    <subfield code="a">9788170005605</subfield>
    <subfield code="c">975.00</subfield>
  </datafield>
  <datafield tag="035" ind1="1" ind2="d">
    <subfield code="a">G-001671</subfield>
  </datafield>
  <datafield tag="037" ind1=" " ind2=" ">
    <subfield code="b">Gift </subfield>
  </datafield>
  <datafield tag="082" ind1=" " ind2=" ">
    <subfield code="a">006.76</subfield>
  </datafield>
  <datafield tag="100" ind1=" " ind2=" ">
    <subfield code="a">Westman, Stephen R. </subfield>
    <subfield code="9">35279</subfield>
  </datafield>
  <datafield tag="245" ind1="E" ind2=" ">
    <subfield code="a">Creating database-backed library web pages:</subfield>
    <subfield code="c">by Stephen R. Westman</subfield>
    <subfield code="b">using pen source tools /</subfield>
  </datafield>
  <datafield tag="260" ind1=" " ind2=" ">
    <subfield code="a">New Delhi </subfield>
    <subfield code="b">Ess Ess Publication</subfield>
    <subfield code="c">2009</subfield>
  </datafield>
  <datafield tag="270" ind1=" " ind2=" ">
    <subfield code="a">4837/24, Ansari Road, Daryaganj</subfield>
    <subfield code="b">New Delhi </subfield>
    <subfield code="e">110002</subfield>
  </datafield>
  <datafield tag="300" ind1=" " ind2=" ">
    <subfield code="a">xii, 268p. </subfield>
    <subfield code="c">22cm(Hb)</subfield>
  </datafield>
  <datafield tag="500" ind1=" " ind2=" ">
    <subfield code="a">Includes glossary and index </subfield>
  </datafield>
  <datafield tag="942" ind1=" " ind2=" ">
    <subfield code="2">ddc</subfield>
    <subfield code="c">EN</subfield>
    <subfield code="h">006.76</subfield>
    <subfield code="m">WES</subfield>
  </datafield>
  <datafield tag="999" ind1=" " ind2=" ">
    <subfield code="c">57348</subfield>
    <subfield code="d">57348</subfield>
  </datafield>
  <datafield tag="952" ind1=" " ind2=" ">
    <subfield code="0">0</subfield>
    <subfield code="1">0</subfield>
    <subfield code="4">0</subfield>
    <subfield code="7">0</subfield>
    <subfield code="8">NFIC</subfield>
    <subfield code="a">JP</subfield>
    <subfield code="b">JP</subfield>
    <subfield code="d">2011-10-07</subfield>
    <subfield code="e">gift</subfield>
    <subfield code="g">975.00</subfield>
    <subfield code="l">4</subfield>
    <subfield code="o">006.76 WES</subfield>
    <subfield code="p">G-001671</subfield>
    <subfield code="r">2015-07-24 00:00:00</subfield>
    <subfield code="s">2015-07-24</subfield>
    <subfield code="t">1</subfield>
    <subfield code="v">975.00</subfield>
    <subfield code="w">2011-10-07</subfield>
    <subfield code="y">EN</subfield>
  </datafield>
</record>
